000 00782nam a2200193 a 4500
008 120416s1996 ||||||||||||||||| || u
020 _a0130320951
050 _aTK 7868.P7 Hos
100 _aHossain, Akram
245 1 0 _aComputer-aided electronic circuit board design and fabrication
246 _ausing OrCAD/SDT and OrCAD/PCB software tools
260 _aUpper Saddle River, N.J.
_bFT Prentice-Hall
_c1996
300 _axv, 489p. : ill.
350 _a0.00
650 _aCAD/CAM SYSTEMS
650 _aCOMPUTER-AIDED DESIGN
650 _aPrinted circuits - Design and construction - Data processing
995 _D0.00
_FCBU-MAIN LIBRARY (Kitwe)
_H1
_I27.95
_M1
_UAVAILABLE
_WApr 19, 2007
_ZMain Library Open Access Collection
999 _c38211
_d38211